000 00371nam a2200121Ia 4500
008 220620s9999||||xx |||||||||||||| ||und||
245 0 _aTraveling Salesman Problem
546 _aEnglish[eng]
650 _aComputer modelling & simulation
700 _aGreco, Federico
856 _uhttps://mts.intechopen.com/storage/books/3769/authors_book/authors_book.pdf
942 _cEB
999 _c26769
_d26769